Cẩm nang điều trị các bệnh viêm gan

Đã lưu trong:
書目詳細資料
格式: 圖書
語言:Undetermined
出版: Hải phòng Nhà xuất bản Hải phòng 2007
主題:
標簽: 添加標簽
沒有標簽, 成為第一個標記此記錄!
Thư viện lưu trữ: Trung tâm Học liệu Trường Đại học Cần Thơ
LEADER 00621nam a2200193Ia 4500
001 CTU_128088
008 210402s9999 xx 000 0 und d
020 |c 25000 
082 |a 616.362 
082 |b C120 
245 0 |a Cẩm nang điều trị các bệnh viêm gan 
245 0 |c Nguyễn Văn Nhương biên soạn; Nguyễn Công Đức hiệu đính 
260 |a Hải phòng 
260 |b Nhà xuất bản Hải phòng 
260 |c 2007 
650 |a Liver,Bệnh viêm gan 
650 |x Diseases 
904 |i Tuyến 
980 |a Trung tâm Học liệu Trường Đại học Cần Thơ